Insula sacra: la loi gabinia calpurnia de Délos

保存先:
書誌詳細
第一著者: Nicolet, Claude (autor)
フォーマット: 図書
言語:イタリア語
出版事項: Roma Ecole Française de Rome 1980
シリーズ:Collection de Lïecole Française de Rome
主題:
タグ: タグ追加
タグなし, このレコードへの初めてのタグを付けませんか!

MARC

LEADER 00000nam a2200000 a 4500
001 UCJ2712
003 CL-VaPUC
008 070112e19800000IT |||||||||||||||||ita|d
020 |a 27830002X 
082 0 4 |a 341.45  |b NIC  |2 21 
100 |a Nicolet, Claude  |e autor  |9 439987 
245 1 0 |a Insula sacra: la loi gabinia calpurnia de Délos 
300 |a 164 p 
942 |c BK 
945 |d 20070112 00:00:00  |a jtorresc 
260 |a Roma  |b Ecole Française de Rome  |c 1980 
650 0 |a Derecho romano  |9 255930 
650 0 |a Derecho internacional  |9 255637 
583 |a last modification  |c 20070112 00:00:00  |k Rodrigo Vera 
490 0 |a Collection de Lïecole Française de Rome 
999 |c 318846  |d 318844 
952 |0 0  |1 0  |4 0  |6 341_450000000000000_NIC_1980  |7 0  |8 A  |9 397033  |a BIBHIS  |b BIBHIS  |d 2019-11-22  |i 4290208  |o 341.45 NIC 1980  |p 4290208  |r 2025-01-20  |w 2019-11-22  |y BK  |k HIS